| 000 | 00670nmm a2200265 a 4500 | ||
|---|---|---|---|
| 003 | AR-BaBNM | ||
| 005 | 20251128202840.0 | ||
| 008 | 246019s1991 ||||||||||||||000 | spa|| | ||
| 040 | _cAR-BaBNM | ||
| 100 | 1 | _aGiacobone, Carlos Alberto | |
| 245 | 1 | 0 | _aRicardo Rojas, político |
| 260 |
_aBuenos Aires _bUnión Cívica Radical _c1991 |
||
| 300 | _a127 p. | ||
| 610 | 2 | 4 | _aUnión Cívica Radical [Argentina] |
| 650 | 4 | _aBIOGRAFIAS | |
| 650 | 4 | _aHISTORIA | |
| 650 | 4 | _aPOLITICA | |
| 650 | 4 | _aLITERATURA | |
| 651 | 4 | _aArgentina | |
| 655 | _aBIOGRAFIAS | ||
| 700 | 1 | _aGallo, Edit | |
| 700 | 1 |
_aCruchaga, Melchor _eprologuista |
|
| 942 | _cBK | ||
| 998 | _cEnrique | ||
| 999 |
_c875 _d875 |
||